Revista andina / (Record no. 21859)

000 -CABECERA
fixed length control field 01773nam a22003257a 4500
003 - IDENTIFICADOR DEL NÚMERO DE CONTROL
control field AR-CdUCM
008 - DATOS DE LONGITUD FIJA--INFORMACIÓN GENERAL
fixed length control field 190425b ||||| |||| 00| 0 spa d
040 ## - FUENTE DE LA CATALOGACIÓN
Agencia/entidad que catalogó originalmente la obra MUNICIPALIDAD PROVINCIAL DEL CUSCO
Entidad que transcribió la catalogación BIBLIOTECA MUNICIPAL DEL CUSCO
082 ## - NÚMERO DE LA CLASIFICACIÓN DECIMAL DEWEY
No. de Clasificación Rev.Andi/N°47/2008
110 ## - ENTRADA PRINCIPAL--NOMBRE DE ENTIDAD CORPORATIVA
Nombre de la institución, jurisdicción como entrada principal Centro Bartolomé de Las Casas
9 (RLIN) 3293
245 ## - MENCIÓN DE TÍTULO
Título Revista andina /
Mención de responsabilidad Centro de estudios rurales andinos Bartolomé de Las Casas Cusco
260 ## - PUBLICACIÓN, DISTRIBUCIÓN, ETC.
Lugar de publicación, distribución, etc. Cusco :
Nombre de la editorial, distribuidor, etc. Centro Bartolomé de Las Casas,
Fecha de publicación, distribución, etc. 2008.
300 ## - DESCRIPCIÓN FÍSICA
Nº de Páginas Extensión 219 páginas. :
Dimensiones 23 cm.
440 ## - MENCIÓN DE SERIE/PUNTO DE ACCESO ADICIONAL--TÍTULO
Título Publicación Semestral del Centro Bartolomé de Las Casas Cusco.
Número de la parte/sección de una obra Número 47, Segundo semestre 2008.
9 (RLIN) 46515
505 ## - NOTA DE CONTENIDO CON FORMATO
Nota de contenido formateada Contenido: Felipe Guaman Poma de Ayala, administrador de bienes de comunidad. José Carlos de la Puente Luna. -- Planchas, brazaletes y hachuelas: las rutas prehispánicas del metal andino desde el Guapay hasta el Pantanal. Isabelle Combès. -- Relatos sobre el origen de los cultos del período interequinoccial en la región del Cuzco. Imelda Vega-Centeno B. -- Metales andinos en la llanura santiagueña (Argentina). Carlos I. Angiorama, Constanza Taboada. -- Los chiriguano y el Tucumán colonial: una vieja polémica. Federico Bossert.
650 ## - PUNTO DE ACCESO ADICIONAL DE MATERIA--TÉRMINO DE MATERIA
Descriptor Cronistas
9 (RLIN) 1200
650 ## - PUNTO DE ACCESO ADICIONAL DE MATERIA--TÉRMINO DE MATERIA
Descriptor Felipe Guamán Poma de Ayala
9 (RLIN) 45889
650 ## - PUNTO DE ACCESO ADICIONAL DE MATERIA--TÉRMINO DE MATERIA
Descriptor Metalurgia
9 (RLIN) 19102
650 ## - PUNTO DE ACCESO ADICIONAL DE MATERIA--TÉRMINO DE MATERIA
Descriptor Cultura andina
9 (RLIN) 46516
650 ## - PUNTO DE ACCESO ADICIONAL DE MATERIA--TÉRMINO DE MATERIA
Descriptor Orfebrería andina
9 (RLIN) 46517
700 ## - PUNTO DE ACCESO ADICIONAL--NOMBRE DE PERSONA
Nombre Personal De la Puente Luna, José Carlos
9 (RLIN) 46518
700 ## - PUNTO DE ACCESO ADICIONAL--NOMBRE DE PERSONA
Nombre Personal Combès, Isabelle
9 (RLIN) 46519
700 ## - PUNTO DE ACCESO ADICIONAL--NOMBRE DE PERSONA
Nombre Personal Vega Centeno, Imelda
9 (RLIN) 3249
700 ## - PUNTO DE ACCESO ADICIONAL--NOMBRE DE PERSONA
Nombre Personal Angiorama, Carlos
9 (RLIN) 46520
700 ## - PUNTO DE ACCESO ADICIONAL--NOMBRE DE PERSONA
Nombre Personal Taboada, Constanza
9 (RLIN) 46521
700 ## - PUNTO DE ACCESO ADICIONAL--NOMBRE DE PERSONA
Nombre Personal Bossert, Federico
9 (RLIN) 46522
942 ## - ELEMENTOS DE PUNTO DE ACCESO ADICIONAL (KOHA)
Fuente de clasificación
Tipo de item Revistas cusqueñas
945 ## - PROCESAMIENTO DE INFORMACIÓN LOCAL (OCLC)
Catalogador rac
Holdings
Estado de retiro (separado) Fuente de clasificación o esquema de estanterías Estado dañado Ubicación Sala donde se ubica Nombre de la colección Fecha de adquisición o compra Costo, precio normal en soles Signatura topográfica Código de Barras Última vez visto (Koha) Tipo de ítem (Koha)
No     Sala Hemeroteca Sala Hemeroteca Book Cart 2021-08-26 10.00 Rev.Andi/N°47/2008 REVC000341 2021-08-26 Revistas cusqueñas
No     Sala Hemeroteca Sala Hemeroteca Book Cart 2021-08-26 10.00 Rev.Andi/N°47/2008/e.2 REVC000342 2021-08-26 Revistas cusqueñas

Powered by Koha